<?xml version="1.0" encoding="UTF-8"?>
<collection xmlns="http://www.loc.gov/MARC21/slim">
 <record>
  <leader>00787nam a22002175a 4500</leader>
  <controlfield tag="001">CEM.cems019500</controlfield>
  <controlfield tag="008">220906s2014####ag############000#0#und#d</controlfield>
  <controlfield tag="005">20220906091021.0</controlfield>
  <datafield tag="245" ind1="1" ind2="0">
   <subfield code="a">El Corsario Negro :</subfield>
   <subfield code="b">una versión para chicos de la novela de Emilio Salgari /</subfield>
   <subfield code="c">Emilio Salgari; adaptado por Claudio Weissfeld; ilustrado por Martín Gouric.</subfield>
  </datafield>
  <datafield tag="260" ind1=" " ind2=" ">
   <subfield code="a">Buenos Aires :</subfield>
   <subfield code="b">Estrada,</subfield>
   <subfield code="c">2014.</subfield>
  </datafield>
  <datafield tag="300" ind1=" " ind2=" ">
   <subfield code="a">176 p.</subfield>
  </datafield>
  <datafield tag="490" ind1="1" ind2=" ">
   <subfield code="a">Azulejos. Niños / Alejandro Palermo ;</subfield>
   <subfield code="v">36</subfield>
  </datafield>
  <datafield tag="020" ind1=" " ind2=" ">
   <subfield code="a">9789500111195</subfield>
  </datafield>
  <datafield tag="100" ind1="1" ind2=" ">
   <subfield code="a">Salgari, Emilio.</subfield>
  </datafield>
  <datafield tag="700" ind1="1" ind2=" ">
   <subfield code="a">Weissfeld, Claudio; adap.</subfield>
  </datafield>
  <datafield tag="700" ind1="1" ind2=" ">
   <subfield code="a">Gouric, Martín; il.</subfield>
  </datafield>
  <datafield tag="653" ind1=" " ind2=" ">
   <subfield code="a">Literatura</subfield>
  </datafield>
  <datafield tag="653" ind1=" " ind2=" ">
   <subfield code="a">Literatura Argentina</subfield>
  </datafield>
  <datafield tag="653" ind1=" " ind2=" ">
   <subfield code="a">Novela</subfield>
  </datafield>
  <datafield tag="653" ind1=" " ind2=" ">
   <subfield code="a">Literatura Juvenil</subfield>
  </datafield>
  <datafield tag="859" ind1=" " ind2=" ">
   <subfield code="a">CEMS</subfield>
   <subfield code="b">BIB. CEMS - Inicial y Primaria</subfield>
   <subfield code="h">A863.4</subfield>
   <subfield code="i">Sa329</subfield>
   <subfield code="k">IP</subfield>
   <subfield code="p">6356</subfield>
   <subfield code="t">Ej.1</subfield>
  </datafield>
 </record>
</collection>
